000 00315nam a2200133Ia 4500
008 240624s9999 xx 000 0 und d
041 _aeng
082 _a920 GUH
100 _aGUHA RAMCHANDRA
245 _aMAKERS OF MODERN ASIA
260 _c2014
_aLondon
_bBelknap
300 _a385 : P. : cm. ; 22
365 _cRS
999 _c23903
_d23903